banner-ar

الحلزون المزدوج : (Record no. 60442)

MARC details
000 -الفاتح
حقل البيانات ثابتة الطول 01328nam a22003257a 4500
005 - وقت وتاريخ اخر تعامل مع التسجيلة
رقم الضبط 20240530110410.0
008 - عناصر البيانات ثابتة الطول - معلومات عامة
حقل البيانات ثابتة الطول 150215s2011 ua of a 001 0 ara d
017 ## - رقم الايداع القانونى
رقم الايداع القانونى 20244/2006
المصدر ( الهيئة المختصة) مصر دار الكتب المصرية
020 ## - الرقم الدولى المعيارى للكتب
الرقم الدولى المعيارى للكتاب 9771437372
040 ## - مصدر الفهرسة
وكالة الفهرسة الأصلية EG-CaGPL
041 0# - رمز اللغة
رمز لغة النص/ المسارات الصوتية أو العنوان الانفرادي ara
082 04 - رقم تصنيف ديوى العشرى
رقم الطبعة 21
رقم التصنيف 502
رقم المادة ط/ف ن
100 1# - المدخل الرئيسى - إسم شخصى
الإسم الشخصى فيلان ، جلين
الدور جلين فيلان
245 12 - بيان العنوان
العنوان الحلزون المزدوج :
بقية العنوان السعى لاكتشاف تركيب الحمض النووى /
بيان المسئوليه,etc تاليف جلين فيلان ؛ ترجمة حمدى عباس ؛ اشراف داليا محمد ابراهيم
250 ## - بيان الطبعة
بيان الطبعة ط2
260 ## - PUBLICATION, DISTRIBUTION, ETC. (IMPRINT)
تاريخ النشر أو التوزيع 2011
300 ## - الوصف المادى
التعداد 55 ص :
تفاصيل ماديه اخرى للوعاء ايض ؛
أبعاد الوعاء 28 سم
490 1# - بيان السلسلة
عنوان السلسلة ناشيونال جيوجرافيك : طلب العلم
650 04 - المدخل الاضافى بالموضوع-مصطلح موضوعى
مصطلح موضوعي الهندسة الوراثية
650 04 - المدخل الاضافى بالموضوع-مصطلح موضوعى
مصطلح موضوعي فسيولوجيا الوراثة
650 04 - المدخل الاضافى بالموضوع-مصطلح موضوعى
مصطلح موضوعي الخلايا
650 04 - المدخل الاضافى بالموضوع-مصطلح موضوعى
مصطلح موضوعي الدم
التقسيم الفرعي العام فصائل
650 04 - المدخل الاضافى بالموضوع-مصطلح موضوعى
مصطلح موضوعي الكروموزومات
650 04 - المدخل الاضافى بالموضوع-مصطلح موضوعى
مصطلح موضوعي الحمض النووى
650 04 - المدخل الاضافى بالموضوع-مصطلح موضوعى
مصطلح موضوعي علم الوراثة
التقسيم الفرعي العام قانون مندل
700 0# - المدخل الاضافى - اسم شخصى
الإسم الشخصى حمدى عباس
الدور مترجم
700 0# - المدخل الاضافى - اسم شخصى
الإسم الشخصى داليا محمد ابراهيم
الدور مشرف
942 ## - عناصر المدخل الإضافي( كوها)
مصدر التصنيف او مخطط الترفيف Dewey Decimal Classification
Koha [default] item type كتاب
260 ## - PUBLICATION, DISTRIBUTION, ETC. (IMPRINT)
-- القاهرة :
-- نهضة مصر للطباعة والنشر والتوزيع ،
Holdings
حالة التراجع حالة الفقد حالة تلف ليس للاعارة المكان المؤقت الموقع الحالى تاريخ الاكتساب اجمالي اﻻعارات رقم الطلب الباركود تاريخ اخر مشاهدة تاريخ تفعيل السعر نوع وعاء كوها
        مكتبة القاهرة الكبرى مكتبة القاهرة الكبرى 02/15/2015   502 ط/ف ن 159496 02/15/2015 02/15/2015 كتاب

Powered By

EGPV